[Event "Open Semana Santa 2023"]
[Site "?"]
[Date "2023.04.08"]
[Round "6.156"]
[White "Menendez Osorio, Carmen"]
[Black "Blazquez Sanz, Oscar"]
[Result "0-1"]
[WhiteElo "1581"]
[BlackElo "1896"]
[PlyCount "84"]

1. d4 Nf6 2. c4 g6 3. Nf3 Bg7 4. g3 O-O 5. Bg2 d6 6. O-O Nc6 7. Nc3 Na5 8. Nd2
c5 9. d5 e6 10. e4 exd5 11. cxd5 Bd7 12. a4 a6 13. Qe2 Re8 14. Nc4 Nxc4 15.
Qxc4 b5 16. axb5 axb5 17. Rxa8 Qxa8 18. Nxb5 Bxb5 19. Qxb5 Nxe4 20. Qc4 Bd4 21.
Bxe4 Rxe4 22. Be3 Qe8 23. Bxd4 Rxd4 24. Qb3 Qe5 25. Rd1 Rxd1+ 26. Qxd1 Qxb2 27.
Qa4 Qb1+ 28. Kg2 Qb4 29. Qc6 c4 30. Kf3 Qc3+ 31. Kg2 Qb4 32. Kf3 Kg7 33. Ke4
Kf6 34. Kd4 c3+ 35. Kd3 Qc5 36. Qxc5 dxc5 37. f4 Ke7 38. Kxc3 Kd6 39. Kc4 h5
40. h3 f6 41. f5 gxf5 42. g4 f4 0-1

[Event "Open Semana Santa 2023"]
[Site "?"]
[Date "2023.04.08"]
[Round "6.157"]
[White "Camarillas Castellano, Pau"]
[Black "Callealta, Andres"]
[Result "1/2-1/2"]
[WhiteElo "1891"]
[BlackElo "1601"]
[PlyCount "109"]

1. d4 d5 2. c4 e6 3. Nc3 Nf6 4. cxd5 exd5 5. Bg5 Be7 6. e3 O-O 7. Bd3 c5 8.
dxc5 Nc6 9. Nge2 Qa5 10. a3 Qxc5 11. b4 Qd6 12. Rc1 Rd8 13. Nb5 Qd7 14. h3 a6
15. Nbd4 Nxd4 16. Nxd4 Ne4 17. Bxe7 Qxe7 18. Bxe4 dxe4 19. Qh5 Rd6 20. O-O Rg6
21. Kh1 b6 22. Rc2 Bg4 23. Nf5 Bxf5 24. Qxf5 Rd6 25. Rfc1 Rad8 26. Rc4 g6 27.
Qxe4 Qxe4 28. Rxe4 Rd1+ 29. Rxd1 Rxd1+ 30. Kh2 Ra1 31. Re8+ Kg7 32. b5 axb5 33.
Rb8 Rxa3 34. Rxb6 Rb3 35. g4 Rb1 36. Kg2 b4 37. Kh2 b3 38. Kg2 b2 39. Kh2 Kf8
40. Rb7 Kg7 41. Rb6 Kf8 42. Rb7 h5 43. gxh5 gxh5 44. Kg2 Ke8 45. Kh2 Kd8 46.
Kg2 Kc8 47. Rb3 Kc7 48. Kh2 Kc6 49. Kg2 Kc5 50. Rb8 Kc4 51. Kh2 Kc3 52. Rc8+
Kd2 53. Rb8 Ke2 54. Kg2 h4 55. Rb7 1/2-1/2

[Event "Open Semana Santa 2023"]
[Site "?"]
[Date "2023.04.08"]
[Round "6.158"]
[White "Silva Pena, Angel David"]
[Black "Soliva Ruiz, Ramon"]
[Result "1-0"]
[WhiteElo "1879"]
[BlackElo "1582"]
[PlyCount "90"]

1. e4 c6 2. Nc3 d5 3. Nf3 Bg4 4. d4 e6 5. h3 Bh5 6. exd5 cxd5 7. Bb5+ Nc6 8. g4
Bg6 9. Ne5 Rc8 10. h4 h6 11. Nxg6 fxg6 12. Qe2 Kd7 13. Bf4 Qf6 14. Be5 Qf7 15.
Rh3 Bb4 16. O-O-O Bxc3 17. Rxc3 Kd8 18. Rf3 Qe7 19. Re3 Nf6 20. Bxf6 Qxf6 21.
Bxc6 Rxc6 22. Rf3 Qe7 23. Rdd3 Rf8 24. Qe5 Kd7 25. c3 b5 26. Kb1 Rcc8 27. Qe2
a6 28. Rde3 Rxf3 29. Rxf3 Rf8 30. Rxf8 Qxf8 31. a4 bxa4 32. Qxa6 Qxf2 33. Qxa4+
Ke7 34. Qb4+ Ke8 35. Qb5+ Ke7 36. Qb7+ Kf6 37. Qc8 Qg1+ 38. Ka2 Ke7 39. Qc7+
Kf6 40. Qf4+ Ke7 41. Kb3 Qd1+ 42. Kb4 Qd3 43. Qc7+ Kf6 44. b3 Qh3 45. Qc8 Qd3
1-0

[Event "Open Semana Santa 2023"]
[Site "?"]
[Date "2023.04.08"]
[Round "6.159"]
[White "Yurkovskaya, Yana"]
[Black "Amoros Moran, Jose Joaquin"]
[Result "1-0"]
[WhiteElo "1578"]
[BlackElo "1871"]
[PlyCount "55"]

1. c4 c5 2. Nc3 Nc6 3. g3 g6 4. Bg2 Bg7 5. e3 e5 6. Nge2 Nge7 7. O-O O-O 8. b3
d6 9. Bb2 f5 10. Nd5 Rb8 11. d4 e4 12. Nef4 b5 13. cxb5 Rxb5 14. Qe2 Rb7 15.
dxc5 Nxd5 16. Nxd5 dxc5 17. Rfd1 Bxb2 18. Qxb2 Rd7 19. Bf1 Rxd5 20. Rxd5 Qe7
21. Rad1 Nb4 22. Re5 Qg7 23. Qa1 Nd3 24. Bxd3 exd3 25. Rxd3 Bb7 26. Qc3 Ba6 27.
Rd6 Qb7 28. Rxc5 1-0

[Event "Open Semana Santa 2023"]
[Site "?"]
[Date "2023.04.08"]
[Round "6.160"]
[White "Demerson Joly, Javier"]
[Black "Rouiller, Leonard"]
[Result "1-0"]
[WhiteElo "1863"]
[BlackElo "1573"]
[PlyCount "57"]

1. c4 c6 2. e4 d5 3. exd5 cxd5 4. cxd5 Nf6 5. Nc3 Nxd5 6. Nf3 Nc6 7. Bb5 e6 8.
O-O Be7 9. d4 O-O 10. Re1 a6 11. Ba4 b5 12. Bc2 Bb7 13. Qd3 Nf6 14. a3 g6 15.
Bh6 Re8 16. Bb3 Na5 17. Ba2 Bxf3 18. gxf3 Rc8 19. Rxe6 fxe6 20. Bxe6+ Kh8 21.
Re1 Bf8 22. Bxf8 Rxe6 23. Rxe6 Qxf8 24. Rxa6 Nc4 25. d5 Nxb2 26. Qd4 Kg8 27.
Ne4 Rc1+ 28. Kg2 Nc4 29. Rxf6 1-0

[Event "Open Semana Santa 2023"]
[Site "?"]
[Date "2023.04.08"]
[Round "6.161"]
[White "Mansor Habash, Zouheir"]
[Black "Gonzalez Lopez, Lucas I"]
[Result "0-1"]
[WhiteElo "1570"]
[BlackElo "1862"]
[PlyCount "50"]

1. e4 c5 2. Ne2 e6 3. d4 cxd4 4. Nxd4 Nc6 5. Nc3 a6 6. g3 Qc7 7. Bg2 Be7 8. O-O
Nf6 9. a4 O-O 10. Be3 Ne5 11. Bf4 d6 12. h3 Nc4 13. b3 Na5 14. Bd2 Bd7 15. f4
Nc6 16. Be3 Nxd4 17. Qxd4 Rac8 18. Bd2 d5 19. Kh1 dxe4 20. Nxe4 Nxe4 21. Bxe4
Bf6 22. Qd3 Bxa1 23. Rxa1 Bc6 24. Bxc6 Qxc6+ 25. Kg1 Qxc2 0-1

[Event "Open Semana Santa 2023"]
[Site "?"]
[Date "2023.04.08"]
[Round "6.162"]
[White "San Vicente Crespo, Pablo"]
[Black "Perez Epinin, Gines"]
[Result "0-1"]
[WhiteElo "1547"]
[BlackElo "1861"]
[PlyCount "52"]

1. e4 c5 2. Nf3 d6 3. d4 cxd4 4. Nxd4 Nf6 5. Nc3 Nc6 6. Bg5 e6 7. Qd3 Be7 8.
O-O-O a6 9. f4 h6 10. Bh4 Bd7 11. Kb1 Rc8 12. Nxc6 Bxc6 13. e5 dxe5 14. Qg3 Qc7
15. Qxg7 Rh7 16. Qg3 exf4 17. Qf2 Rg7 18. h3 Ne4 19. Nxe4 Bxe4 20. Rc1 Bc5 21.
Qe1 Be3 22. Bf6 Bxc2+ 23. Ka1 Rg3 24. Bh4 Bxc1 25. Bxg3 Bf5 26. Bh4 Qc2 0-1

[Event "Open Semana Santa 2023"]
[Site "?"]
[Date "2023.04.08"]
[Round "6.163"]
[White "Ibanez Valentin, Gabriel"]
[Black "Mascarell Canet, Ricardo"]
[Result "0-1"]
[WhiteElo "1537"]
[BlackElo "1858"]
[PlyCount "58"]

1. e4 c5 2. c3 Nf6 3. e5 Nd5 4. d4 e6 5. Nf3 d6 6. Bc4 Nc6 7. exd6 Bxd6 8. dxc5
Bxc5 9. Bxd5 exd5 10. O-O O-O 11. Nbd2 Bg4 12. h3 Bh5 13. Nb3 Bb6 14. Qd3 Bg6
15. Qd1 Qd6 16. Bg5 a6 17. Bh4 h6 18. Qd2 Be4 19. Nfd4 Qg6 20. f3 Bf5 21. Kh1
Bd7 22. Ne2 Qh5 23. Bg3 Rad8 24. Rad1 Rfe8 25. Kh2 Ne5 26. Nf4 Qf5 27. Rfe1 g5
28. Nh5 Nxf3+ 29. gxf3 Qxh3# 0-1

[Event "Open Semana Santa 2023"]
[Site "?"]
[Date "2023.04.08"]
[Round "6.164"]
[White "Asensio Ramon, Ismael"]
[Black "Rodriguez Garcia, Miguel"]
[Result "0-1"]
[WhiteElo "1511"]
[BlackElo "1857"]
[PlyCount "64"]

1. d4 d5 2. c4 e6 3. Nc3 c6 4. e3 Nf6 5. Nf3 Bd6 6. Qc2 O-O 7. Bd3 Nbd7 8. e4
dxe4 9. Nxe4 Nxe4 10. Bxe4 Nf6 11. Bg5 h6 12. Bh4 Qa5+ 13. Nd2 Nxe4 14. Qxe4
Bb4 15. Qe3 e5 16. dxe5 Re8 17. f4 g5 18. Bg3 Rd8 19. Rd1 Bg4 20. a3 Bc5 21.
Qc3 Qxc3 22. bxc3 Bxd1 23. fxg5 Bc2 24. Bf4 hxg5 25. Bxg5 Re8 26. Nf3 Be4 27.
Bf4 f6 28. Ke2 fxe5 29. Nxe5 Bxg2 30. Rd1 Rxe5+ 31. Bxe5 Re8 32. Rg1 Rxe5+ 0-1

[Event "Open Semana Santa 2023"]
[Site "?"]
[Date "2023.04.08"]
[Round "6.165"]
[White "Gomez Pastrana, Alba"]
[Black "Padilla Lozano, Francisco Manuel"]
[Result "0-1"]
[WhiteElo "1504"]
[BlackElo "1855"]
[PlyCount "106"]

1. e4 e6 2. Nc3 d5 3. Nf3 d4 4. Ne2 c5 5. c3 Nf6 6. e5 Nfd7 7. cxd4 cxd4 8. Qa4
Nc6 9. Nexd4 Ndxe5 10. Bb5 Bd7 11. Nxe5 Nxe5 12. Bxd7+ Nxd7 13. Nf3 Bd6 14. d4
O-O 15. O-O Nb6 16. Qb3 Qf6 17. Qd3 h6 18. Re1 Rfd8 19. Re4 Rd7 20. Rg4 Rc8 21.
Qe3 Kf8 22. Qe4 Rdc7 23. Bf4 Bxf4 24. Rxf4 Rc1+ 25. Ne1 Qxf4 26. Qxf4 Rxa1 27.
Qd6+ Kg8 28. Kf1 Rcc1 29. Ke2 Rxe1+ 30. Kf3 Rxa2 31. Qb8+ Kh7 32. Qxb7 Kg6 33.
Kg3 Rxb2 34. Qxa7 Ree2 35. h4 Rxf2 36. h5+ Kxh5 37. d5 Rxg2+ 38. Kf4 Nxd5+ 39.
Ke5 Rge2+ 40. Kd6 Rb6+ 41. Kc5 Rc2+ 42. Kd4 Rc7 43. Qa1 g5 44. Ke5 f6+ 45. Kd4
Rb4+ 46. Kd3 Rc3+ 47. Kd2 Rd4+ 48. Ke2 Nf4+ 49. Kf2 Rd2+ 50. Kf1 Rcc2 51. Kg1
Rg2+ 52. Kf1 Rcf2+ 53. Ke1 Nd3+ 0-1

[Event "Open Semana Santa 2023"]
[Site "?"]
[Date "2023.04.08"]
[Round "6.166"]
[White "Blanco Ros, Adrian"]
[Black "Perez Garcia, Jimena"]
[Result "0-1"]
[WhiteElo "1495"]
[BlackElo "1852"]
[PlyCount "78"]

1. e4 c5 2. Nf3 d6 3. d4 cxd4 4. Nxd4 Nf6 5. Nc3 a6 6. Be3 e5 7. Nb3 Be7 8. f3
Be6 9. Qd2 Nbd7 10. O-O-O b5 11. g4 O-O 12. h4 Nb6 13. g5 Nh5 14. Qf2 Rb8 15.
Nd5 Bxd5 16. exd5 Nc4 17. Bd3 Qc7 18. Kb1 a5 19. Bc1 a4 20. Nd2 Nf4 21. Be4 f5
22. gxf6 Bxf6 23. Nf1 b4 24. Ne3 Nxe3 25. Qxe3 Qc4 26. Bd3 Nxd3 27. Qxd3 Qc7
28. Bg5 Qf7 29. Rdf1 a3 30. f4 e4 31. Qxe4 Bxb2 32. h5 Rfe8 33. Qd3 h6 34. Bh4
Bc3 35. Bg3 Qf6 36. Bh4 Qf7 37. Rfg1 Qxf4 38. Qg6 Be5 39. Rf1 Qd4 0-1

[Event "Open Semana Santa 2023"]
[Site "?"]
[Date "2023.04.08"]
[Round "6.167"]
[White "Arutyunov, Mikael"]
[Black "Roig Roig, Marc"]
[Result "1-0"]
[WhiteElo "1481"]
[BlackElo "1840"]
[PlyCount "65"]

1. e4 e6 2. d4 d5 3. Nc3 Bb4 4. e5 c5 5. a3 Bxc3+ 6. bxc3 Ne7 7. Qg4 Qc7 8.
Qxg7 Rg8 9. Qxh7 cxd4 10. Ne2 dxc3 11. f4 Nbc6 12. Qd3 d4 13. Nxd4 Nxd4 14.
Qxd4 Bd7 15. g3 Nf5 16. Qc4 Qxc4 17. Bxc4 Bc6 18. Rf1 Nd4 19. Rf2 O-O-O 20. Be3
Be4 21. Bd3 Bxd3 22. cxd3 Nb5 23. a4 Rxd3 24. Ke2 Rd2+ 25. Bxd2 Nd4+ 26. Ke3
cxd2 27. Rxd2 Rd8 28. Ke4 Nb3 29. Rxd8+ Kxd8 30. Rd1+ Kc7 31. h4 Nc5+ 32. Kf3
Nxa4 33. h5 1-0

[Event "Open Semana Santa 2023"]
[Site "?"]
[Date "2023.04.08"]
[Round "6.168"]
[White "Lopez Herrero, Israel"]
[Black "Puig Perez, Jordi"]
[Result "1-0"]
[WhiteElo "1814"]
[BlackElo "1566"]
[PlyCount "69"]

1. e4 c5 2. Nf3 e6 3. d4 cxd4 4. Nxd4 Nc6 5. Be2 a6 6. Nc3 d6 7. Be3 Be7 8. Qd2
Bd7 9. f3 Nf6 10. g4 h6 11. O-O-O Qc7 12. h4 O-O-O 13. Kb1 Ne5 14. Nb3 Bc6 15.
g5 hxg5 16. hxg5 Nfd7 17. f4 Ng6 18. Nd4 Nb6 19. Rxh8 Rxh8 20. f5 Nf8 21. Nxc6
Qxc6 22. Qd4 Nfd7 23. fxe6 fxe6 24. Qxg7 Re8 25. Bh5 Bf8 26. Qf7 Re7 27. Qg8
Kc7 28. Rf1 Bg7 29. Rf7 Bxc3 30. Rxe7 Qb5 31. Bc1 Nc4 32. Rxd7+ Kb6 33. b3 Nd2+
34. Bxd2 Bxd2 35. Rxd6+ 1-0

[Event "Open Semana Santa 2023"]
[Site "?"]
[Date "2023.04.08"]
[Round "6.169"]
[White "Voronaya, Eva"]
[Black "Gomar Juan, Miguel"]
[Result "0-1"]
[WhiteElo "1480"]
[BlackElo "1807"]
[PlyCount "138"]

1. d4 d5 2. c4 dxc4 3. e3 e5 4. dxe5 Qxd1+ 5. Kxd1 Nc6 6. Nf3 Bg4 7. Be2 O-O-O+
8. Nbd2 Bb4 9. a3 Ba5 10. Kc2 Bxd2 11. Bxd2 Bf5+ 12. Kc1 f6 13. Bc3 b5 14. Rd1
Rxd1+ 15. Kxd1 fxe5 16. Nxe5 Nxe5 17. Bxe5 Nf6 18. f3 Nd7 19. Bd4 c5 20. Bc3
Bd3 21. Kd2 Bxe2 22. Kxe2 Kb7 23. g3 Rg8 24. Rd1 Kc6 25. e4 a5 26. Bxa5 Ne5 27.
Rd5 Nd3 28. Bc3 b4 29. axb4 cxb4 30. Bd4 g6 31. Kd2 Ra8 32. Ke3 b3 33. Bc3 Ra2
34. Rxd3 cxd3 35. Kxd3 Ra1 36. Kc4 Rh1 37. h4 Rf1 38. f4 Rf3 39. Kxb3 Rxg3 40.
Kc2 Rg4 41. Bf6 Rxf4 42. e5 Kd5 43. Kc3 Kc5 44. Bg5 Re4 45. Bf6 Re3+ 46. Kd2
Rf3 47. Ke2 Rf5 48. Kd3 Kd5 49. Kc3 h6 50. Kd3 Rf3+ 51. Kd2 Rf2+ 52. Kc3 Rf3+
53. Kd2 Ke6 54. Kc2 Rf5 55. Kd3 g5 56. hxg5 hxg5 57. Ke3 g4 58. Bh4 Kxe5 59. b4
Kd5 60. Ke2 Ke4 61. b5 Rxb5 62. Kf2 Rb3 63. Kg2 Kf4 64. Kh2 Rb2+ 65. Kg1 Kf3
66. Be1 Rb1 67. Kh2 Rb2+ 68. Kg1 g3 69. Kf1 Rb1 0-1

[Event "Open Semana Santa 2023"]
[Site "?"]
[Date "2023.04.08"]
[Round "6.170"]
[White "Hernandez Gonzalez, Manuel"]
[Black "Serrano Requena, Guillem"]
[Result "1-0"]
[WhiteElo "1800"]
[BlackElo "1563"]
[PlyCount "95"]

1. e4 Nf6 2. e5 Nd5 3. d4 d6 4. c4 Nb6 5. exd6 cxd6 6. Nc3 Nc6 7. Be3 g6 8. h3
Bg7 9. Nf3 O-O 10. Rc1 Re8 11. Be2 Nd7 12. O-O a6 13. Re1 e5 14. d5 Ne7 15. b4
Nf5 16. Ne4 Nxe3 17. fxe3 Bf8 18. c5 Nf6 19. Nxf6+ Qxf6 20. e4 Qe7 21. Kh1 Qc7
22. cxd6 Qxd6 23. b5 axb5 24. Bxb5 Bd7 25. Bxd7 Qxd7 26. Qc2 Bd6 27. Rb1 Qe7
28. Qb3 Ra7 29. Nd2 Rea8 30. Nc4 Bc5 31. Re2 b6 32. Rd2 Qf6 33. d6 Bd4 34. Nxb6
Ra3 35. Qd1 Bxb6 36. Rxb6 Qd8 37. Qb1 Qd7 38. Rb3 R3a7 39. Rb8+ Rxb8 40. Qxb8+
Kg7 41. Qb2 f6 42. Qb3 Rb7 43. Qd5 Rb5 44. Qc4 Rb7 45. Kh2 g5 46. Qd5 Rb1 47.
Rc2 Rb7 48. Qxb7 1-0

[Event "Open Semana Santa 2023"]
[Site "?"]
[Date "2023.04.08"]
[Round "6.171"]
[White "Najarro Garcia, Jose Maria"]
[Black "Torres Rebolledo, Marcos"]
[Result "1-0"]
[WhiteElo "1778"]
[BlackElo "1557"]
[PlyCount "63"]

1. c4 e6 2. Nc3 d5 3. Nf3 Nf6 4. d4 Be7 5. Bg5 O-O 6. e3 h6 7. Bh4 b6 8. cxd5
Nxd5 9. Bxe7 Nxe7 10. Bd3 Bb7 11. O-O Nd7 12. Rc1 c5 13. Re1 Rc8 14. Nb5 cxd4
15. Rxc8 Qxc8 16. Nd6 Bxf3 17. Nxc8 Bxd1 18. Nxe7+ Kh8 19. Rxd1 dxe3 20. fxe3
Ne5 21. Bb5 a6 22. Bxa6 Ra8 23. Bd3 Rd8 24. Bc2 Re8 25. Rd6 Nc4 26. Rc6 Ne5 27.
Rc8 Rxc8 28. Nxc8 Nc4 29. Bb3 Nxb2 30. Nxb6 Nd3 31. a4 Nc5 32. a5 1-0

[Event "Open Semana Santa 2023"]
[Site "?"]
[Date "2023.04.08"]
[Round "6.172"]
[White "Verbytski, Oleg"]
[Black "Zoukou, Ylann"]
[Result "1-0"]
[WhiteElo "1774"]
[BlackElo "1555"]
[PlyCount "101"]

1. e4 e5 2. Nf3 Nf6 3. Nxe5 d6 4. Nf3 Nxe4 5. Nc3 Nxc3 6. dxc3 Be7 7. Bd3 O-O
8. O-O Nd7 9. Re1 Nf6 10. Bg5 h6 11. Bh4 Re8 12. Qd2 Be6 13. Nd4 Qd7 14. Re2
Nd5 15. Bxe7 Rxe7 16. Rae1 Rae8 17. f3 g5 18. g3 Bh3 19. Rxe7 Rxe7 20. Rxe7
Nxe7 21. g4 Ng6 22. Nf5 Qc6 23. Qe3 Kh7 24. Kf2 Qc5 25. Qxc5 dxc5 26. Ne7 Kg7
27. Nxg6 fxg6 28. Kg3 Bxg4 29. fxg4 Kf6 30. h4 gxh4+ 31. Kxh4 g5+ 32. Kh5 Kg7
33. Be4 b5 34. b3 b4 35. c4 a5 36. Bd3 c6 37. Bf5 Kf6 38. Kxh6 Ke5 39. Kxg5 Kd4
40. Kf6 Kc3 41. g5 Kb2 42. g6 Kxa2 43. g7 a4 44. bxa4 b3 45. g8=Q b2 46. c3 Kb3
47. Qg1 Kxa4 48. Qd1+ Ka3 49. Qc2 b1=Q 50. Qxb1 Ka4 51. Qa2# 1-0

[Event "Open Semana Santa 2023"]
[Site "?"]
[Date "2023.04.08"]
[Round "6.173"]
[White "Aarav Sarbalia"]
[Black "Soler Ollero, Guillermo"]
[Result "1-0"]
[WhiteElo "1478"]
[BlackElo "1770"]
[PlyCount "69"]

1. e4 Nf6 2. e5 Nd5 3. d4 d6 4. c4 Nb6 5. exd6 cxd6 6. Nc3 g6 7. Be3 Bg7 8. Qd2
O-O 9. Rc1 e5 10. dxe5 dxe5 11. Qxd8 Rxd8 12. c5 Nd5 13. Rd1 Be6 14. Bc4 e4 15.
Nxd5 Nc6 16. b3 Rd7 17. Ne2 Rad8 18. Nef4 Bg4 19. Rd2 g5 20. Ne2 h6 21. Ndc3
Bxc3 22. Nxc3 Rxd2 23. Bxd2 Nb4 24. Be2 Bf5 25. Bc1 Nc2+ 26. Kf1 Rc8 27. Bc4
Rxc5 28. h4 a6 29. a4 e3 30. fxe3 Bd7 31. Ne4 Rf5+ 32. Ke2 Nb4 33. hxg5 hxg5
34. Bb2 Kf8 35. Bf6 1-0

[Event "Open Semana Santa 2023"]
[Site "?"]
[Date "2023.04.08"]
[Round "6.174"]
[White "Garrido Silos, Pablo"]
[Black "Ortega Sanchez Montanez, Marcos"]
[Result "1-0"]
[WhiteElo "1769"]
[BlackElo "1538"]
[PlyCount "77"]
[EventDate "2023.??.??"]

1. c4 Nf6 2. Nc3 e6 3. g3 d5 4. d4 Bb4 5. Bg2 O-O 6. Qb3 Bxc3+ 7. bxc3 b6 8.
cxd5 exd5 9. Bg5 c6 10. Nf3 h6 11. Bxf6 Qxf6 12. Ne5 Nd7 13. Nxc6 Bb7 14. Qxd5
Rfd8 15. Ne7+ Qxe7 16. Qxb7 Qa3 17. O-O Qxc3 18. e3 Qa3 19. Qd5 Rac8 20. Qb3
Qe7 21. Rac1 Nf6 22. Bh3 Rc7 23. Rc2 Rxc2 24. Qxc2 g5 25. Rc1 Rb8 26. Qc7 Rb7
27. Qc6 g4 28. Bxg4 Nxg4 29. Qc8+ Kh7 30. Qxg4 Rc7 31. Rxc7 Qxc7 32. Qe4+ Kg8
33. Qe8+ Kh7 34. d5 Kg7 35. Qc6 Qd8 36. d6 Kf6 37. Qc7 Qa8 38. d7 Ke7 39. d8=R+
1-0

[Event "Open Semana Santa 2023"]
[Site "?"]
[Date "2023.04.08"]
[Round "6.175"]
[White "Diez Machin, Vicente"]
[Black "Sanchez Villodres, Mario"]
[Result "1-0"]
[WhiteElo "1761"]
[BlackElo "1538"]
[PlyCount "163"]
[EventDate "2023.??.??"]

1. e4 e6 2. d4 d5 3. e5 c5 4. c3 Nc6 5. Nf3 Qb6 6. a3 c4 7. Nbd2 Na5 8. Rb1 Bd7
9. Be2 Ne7 10. O-O Nc8 11. Qe1 Ba4 12. Bd1 Bxd1 13. Qxd1 Qc7 14. Ne1 Nb6 15.
Nc2 O-O-O 16. Qf3 h5 17. h4 Qe7 18. Qh3 g6 19. Nf3 Qd7 20. Bg5 Be7 21. Bxe7
Qxe7 22. Ng5 Nb3 23. Rfd1 Rdf8 24. Ne3 Kb8 25. Re1 Nd7 26. Rbd1 Rfg8 27. Re2
Nf8 28. Qf3 Nd7 29. Qxf7 Qxf7 30. Nxf7 Rh7 31. Ng5 Rf7 32. g3 Nf8 33. Ng2 Nh7
34. Nxh7 Rxh7 35. Nf4 Re7 36. Nh3 a5 37. a4 b5 38. axb5 Kb7 39. Kh2 Kb6 40. Nf4
Kxb5 41. Nh3 a4 42. Rb1 Na5 43. f3 Nc6 44. Ng5 Nd8 45. Kg2 Rgg7 46. Nh3 Nf7 47.
Nf4 Nh6 48. Kh3 Ka5 49. g4 hxg4+ 50. fxg4 g5 51. Nh5 Rg6 52. hxg5 Rxg5 53. Nf6
Reg7 54. Rg1 Nf7 55. Kg3 Nh6 56. Kf3 Rf7 57. Kf4 Rg6 58. g5 Ng8 59. Reg2 Ne7
60. Kg4 Nf5 61. Kh5 Rgg7 62. g6 Rf8 63. Kg5 Ne7 64. Kf4 Ng8 65. Rg5 Ne7 66.
R1g4 Ka6 67. Ke3 Nf5+ 68. Kd2 Ne7 69. Kc1 Rh8 70. Nh7 Nf5 71. Kb1 Ne7 72. Ka2
Ka5 73. Ka3 Nf5 74. Rg1 Ne7 75. R1g4 Nf5 76. Nf6 Rh1 77. Ka2 Rh6 78. Nxd5 Nh4
79. Nf4 Nf3 80. Rh5 Rxh5 81. Nxh5 Nh2 82. Rg2 1-0

[Event "Open Semana Santa 2023"]
[Site "?"]
[Date "2023.04.08"]
[Round "6.176"]
[White "Prochaieva, Yelyzaveta"]
[Black "Munoz Osete, Marcos"]
[Result "1/2-1/2"]
[WhiteElo "1468"]
[BlackElo "1743"]
[Annotator "Usuario"]
[PlyCount "97"]

1. d4 Nf6 2. Nf3 d5 3. c4 e6 4. Nc3 Be7 5. Bg5 O-O 6. e3 b6 7. cxd5 exd5 8. Bd3
Bb7 9. O-O Ne4 10. Bxe7 Qxe7 11. Qc2 Nd7 12. Rac1 c5 13. b3 Rac8 14. Qb2 a6 15.
a4 Rc7 16. Rfe1 Rfc8 17. Bxa6 Nxc3 18. Bxb7 Nxa4 19. bxa4 Rxb7 20. dxc5 Nxc5
21. Qd4 Rbc7 22. Qxd5 Nxa4 23. Qb7 Qd7 24. Rxc7 Rxc7 25. Qa8+ Rc8 26. Qa6 b5
27. Nd4 b4 28. Nf5 $11 Rb8 29. Ne7+ Qxe7 30. Qxa4 b3 31. Rb1 b2 32. Qd4 Qc7 33.
Qd2 Qb6 34. h3 Qb3 35. Kh2 h6 36. Kh1 Qa2 37. Qc2 g6 38. Kh2 Kh7 39. Kh1 Rb7
40. Kh2 Qa3 41. Kh1 Qb4 42. Kh2 Qd6+ 43. Kh1 Qe5 44. Kg1 Qf6 45. Kh2 Rb5 46.
Kg1 $11 Rb7 47. Kh2 Qe5+ 48. Kh1 Qb5 49. Kh2 1/2-1/2

[Event "Open Semana Santa 2023"]
[Site "?"]
[Date "2023.04.08"]
[Round "6.177"]
[White "Zotes Flecha, Luis"]
[Black "Ilinca Ilinca, Filip Antonio"]
[Result "1-0"]
[WhiteElo "1737"]
[BlackElo "1515"]
[PlyCount "47"]

1. c4 c5 2. Nc3 g6 3. d3 Bg7 4. e4 Nc6 5. f4 d6 6. Nf3 Nf6 7. Be2 O-O 8. O-O
Nd7 9. f5 Nce5 10. Nxe5 Nxe5 11. Nd5 Nd7 12. Bg5 Nf6 13. Rb1 Nxd5 14. cxd5 h6
15. Be3 b6 16. Qd2 h5 17. Rf3 e6 18. dxe6 fxe6 19. fxg6 h4 20. Rxf8+ Bxf8 21.
Rf1 Rb8 22. Bh6 Bxh6 23. Qxh6 Rb7 24. Bh5 1-0

[Event "Open Semana Santa 2023"]
[Site "?"]
[Date "2023.04.08"]
[Round "6.178"]
[White "Corpa Rios, Flavio"]
[Black "Garcia Vives, Joan"]
[Result "0-1"]
[WhiteElo "1289"]
[BlackElo "1731"]
[PlyCount "94"]

1. e4 c5 2. Nf3 e6 3. d4 cxd4 4. Nxd4 a6 5. c4 Qc7 6. Nc3 Nf6 7. Qd3 Nc6 8. Be3
Bb4 9. a3 Bxc3+ 10. Qxc3 Nxe4 11. Nb5 axb5 12. Qxg7 Qe5 13. Qxe5 Nxe5 14. f3
Nd6 15. cxb5 Rg8 16. Kf2 Ke7 17. Bc5 Rg5 18. b4 f6 19. f4 Rf5 20. Ke3 Nef7 21.
g4 Rd5 22. Bc4 Rxc5 23. bxc5 Nxc4+ 24. Ke4 Rxa3 25. Rxa3 Nxa3 26. Ra1 Nxb5 27.
Ra8 Kd8 28. h4 Nc7 29. Ra1 d5+ 30. cxd6 Nxd6+ 31. Kf3 Ke7 32. g5 Bd7 33. Rd1
Nd5 34. h5 fxg5 35. fxg5 Nf7 36. g6 hxg6 37. hxg6 Ne5+ 38. Kg3 Nxg6 39. Rb1 b5
40. Kf3 b4 41. Rb2 Ne5+ 42. Ke4 Nc4 43. Rh2 b3 44. Kd4 b2 45. Rh7+ Kd6 46. Rh5
b1=Q 47. Rxd5+ exd5 0-1

[Event "Open Semana Santa 2023"]
[Site "?"]
[Date "2023.04.08"]
[Round "6.179"]
[White "Lacaci Otero, Ivan"]
[Black "Bell, Luke"]
[Result "1-0"]
[WhiteElo "1727"]
[BlackElo "1490"]
[PlyCount "77"]

1. Nf3 Nf6 2. g3 d5 3. Bg2 e6 4. O-O Bd6 5. d3 O-O 6. Re1 e5 7. e4 d4 8. Nbd2
Nfd7 9. Nh4 Nb6 10. Rf1 f5 11. Nxf5 Bxf5 12. exf5 Rxf5 13. Bxb7 N8d7 14. Bxa8
Qxa8 15. Ne4 Be7 16. Qe2 c5 17. c4 Qf8 18. f4 Nf6 19. g4 Nxe4 20. gxf5 Nd6 21.
fxe5 Nxf5 22. Bd2 g6 23. a4 Qb8 24. a5 Nd7 25. Bf4 Qd8 26. Qg2 Qe8 27. e6 Nf6
28. Be5 Ne3 29. Qf3 Nfg4 30. Qf7+ Qxf7 31. Rxf7 Nxe5 32. Rxe7 Nxd3 33. Rxa7
Nxb2 34. Rb1 Nexc4 35. Ra8+ Kg7 36. Rxb2 Nxb2 37. e7 d3 38. e8=Q d2 39. Qf8#
1-0

[Event "Open Semana Santa 2023"]
[Site "?"]
[Date "2023.04.08"]
[Round "8.180"]
[White "Ruiz De Leon Merlo, Esther"]
[Black "Prieto Martin, Manuel"]
[Result "1/2-1/2"]
[WhiteElo "1721"]
[BlackElo "1478"]
[PlyCount "44"]

1. e4 c5 2. Nc3 Nc6 3. Bb5 g6 4. Bxc6 dxc6 5. d3 Bg7 6. f4 e6 7. e5 f5 8. exf6
Nxf6 9. Nf3 O-O 10. O-O Nd5 11. Ne5 Nxf4 12. Bxf4 Qd4+ 13. Kh1 Rxf4 14. Nc4
Rxf1+ 15. Qxf1 b5 16. Na5 Qb4 17. Nb3 Qh4 18. Qf3 Bd7 19. Nxc5 Qe7 20. Nxd7
Qxd7 21. Qe4 Bxc3 22. bxc3 Qd5 1/2-1/2

[Event "Open Semana Santa 2023"]
[Site "?"]
[Date "2023.04.08"]
[Round "6.181"]
[White "Palacios Sanchez, Victor"]
[Black "Palomo Fernandez, Lorenzo"]
[Result "1-0"]
[WhiteElo "1704"]
[BlackElo "1405"]
[Annotator "Usuario"]
[PlyCount "79"]

1. c4 Nf6 2. g3 g6 3. Bg2 Bg7 4. Nc3 Nc6 5. e4 d6 6. Nge2 O-O 7. O-O e5 8. d3
Nd7 9. Be3 Nc5 10. Rb1 f5 11. b4 Ne6 12. f4 Ned4 13. Nd5 Nxe2+ 14. Qxe2 exf4
15. Nxf4 Nd4 16. Qd2 Rb8 17. Ne2 Nxe2+ 18. Qxe2 Qe7 19. Bxa7 Ra8 20. Be3 c6 21.
Qd2 Bd7 22. Rbe1 Ra3 23. e5 Qxe5 24. d4 Qf6 25. Kh1 Re8 26. Re2 Kf7 27. Rfe1
Be6 28. d5 Bd7 29. Bg5 Rxe2 30. Rxe2 Qa1+ 31. Re1 Rxa2 32. Rxa1 Rxd2 33. Re1
Rb2 $11 34. Re7+ Kg8 35. h4 h6 36. Bf4 Rxb4 37. Rxd7 Rxc4 38. Rxb7 g5 39. dxc6
gxf4 40. Bd5+ 1-0

[Event "Open Semana Santa 2023"]
[Site "?"]
[Date "2023.04.08"]
[Round "6.182"]
[White "Tamiolakis, Grigorios"]
[Black "Sukhodolskyi, Oleksii"]
[Result "0-1"]
[WhiteElo "1272"]
[BlackElo "1699"]
[PlyCount "134"]

1. e4 e5 2. Nf3 Nc6 3. Nc3 Nf6 4. d4 exd4 5. Nxd4 d6 6. Bb5 Bd7 7. O-O a6 8.
Bxc6 Bxc6 9. Nxc6 bxc6 10. Bg5 Be7 11. Re1 O-O 12. e5 Nd7 13. Bxe7 Qxe7 14.
exd6 Qxd6 15. Qxd6 cxd6 16. Re7 Nc5 17. Rc7 Rac8 18. Rxc8 Rxc8 19. Re1 Kf8 20.
Kf1 d5 21. b3 d4 22. Ne4 Ne6 23. Rd1 Ke7 24. c3 c5 25. b4 dxc3 26. Nxc3 cxb4
27. Nd5+ Kf8 28. Nxb4 a5 29. Nd5 Rc2 30. Rb1 g6 31. a4 Kg7 32. g3 Ra2 33. Nb6
Nd4 34. Rd1 Nb3 35. Kg2 Nd2 36. Nd5 Ne4 37. Kf3 f5 38. Rd4 Rxf2+ 39. Ke3 Rxh2
40. g4 Rh3+ 41. Ke2 Nc3+ 42. Nxc3 Rxc3 43. gxf5 gxf5 44. Rd5 Ra3 45. Rxa5 Kg6
46. Ra8 h5 47. a5 h4 48. a6 Kg5 49. a7 Kf4 50. Rh8 Rxa7 51. Rxh4+ Kg3 52. Rb4
Ra2+ 53. Kf1 f4 54. Rb8 Ra1+ 55. Ke2 f3+ 56. Ke3 Re1+ 57. Kd2 Kf2 58. Rf8 Re7
59. Kd1 Rd7+ 60. Kc2 Ke2 61. Re8+ Kf1 62. Rf8 f2 63. Rf5 Ke2 64. Re5+ Kf3 65.
Rf5+ Ke3 66. Re5+ Kf4 67. Re8 Rf7 0-1